000 01200cam a22003254a 4500
001 16663129
003 NUST
005 20221027172144.0
008 110223s2011 njua b 001 0 eng
010 _a 2011008249
020 _a0470048158 (hardback)
020 _a9780470048153 (hardback)
035 _a(OCoLC)ocn711777140
040 _aDLC
_beng
_cDLC
_dYDX
_dYDXCP
_dBWX
_dIXA
_dCDX
_dPUL
_dOCLCQ
_dBDX
_dDEBBG
_dDLC
042 _apcc
050 0 0 _aTA1637
_b.M3375 2011
082 0 0 _a502.8566,MAR
_222
084 _aTEC015000
_2bisacsh
084 _aST 601
_2rvk
100 1 _aMarques, Oge.
_9101570
245 1 0 _aPractical image and video processing using MATLAB /
_cOge Marques.
260 _aHoboken, N.J. :
_bWiley/IEEE Press,
_cc2011.
300 _axlix, 639 p. :
_bill. (some col.) ;
_c25 cm.
505 _aPart-1: Image Processing (Page-3), Part-2: Video Processing (Page-501), Appendix A: Human Visual Perception (Page-591), Appendix B: GUI Development (Page-611).
630 0 0 _aMATLAB.
650 0 _aImage processing
_xMathematics.
_955946
650 0 _aImage processing
_xDigital techniques.
_9673
655 0 _aDigital video
_xMathematics.
_9101571
942 _2ddc
_cBK
_k502.8566,MAR
999 _c592067
_d592067